=LDR 00000nam 2200000 4500 =001 INLIS000000000059262 =005 20211027025836 =035 ##$$a 0010-1021000710 =007 ta =008 211027###########################0#ind## =020 ##$$a 978-602-7936-55-3 =082 ##$$a 796.059 811 =084 ##$$a 796.059 811 Nis o =245 1#$$a Olahraga Aceh Impian yang tak pernah Pupus /$c Nisrinah, S.Pd =300 ##$$a 93 halaman ; $c 20 cm =650 #4$$a Olahraga Aceh =264 ##$$a Jakarta :$b Perpusnas,$c 2016 =336 ##$$a teks$2 rdacontent =337 ##$$a lain-lain$2 rdamedia =338 ##$$a lain-lain$2 rdacarrier =990 ##$$a 25822582